| 000 | 02094 a2200325 4500 | ||
|---|---|---|---|
| 005 | 20140508144705.0 | ||
| 008 | 140503s2001 xxu g q mlmul d | ||
| 040 |
_aCO-BoUCM _bspa _cOscar Anaya _dAldemar Mondragón |
||
| 041 | _aeng | ||
| 041 | _afre | ||
| 092 | _aDVD 1403 | ||
| 245 | 0 | 0 |
_aSave the last dance _cThomas Carter, director _h[DVD] |
| 246 | 1 | 3 | _aEspera al último baile |
| 260 |
_aHollywood (Los Ángeles, california) _bParamount Pictures _c2001 |
||
| 300 |
_a1 DVD, 112 minutos _bimagen, sonido, color |
||
| 500 | _aSINOPSIS: Sara quiere ser bailarina, pero sus sueños son interrumpidos por la repentina muerte de su madre. Se muda con su padre, a quien no ha visto desde hace mucho tiempo. Él vive en el otro lado de la ciudad, en un barrio predominantemente Negro.Se ha trasladado a una nueva escuela donde ella es una de las pocas estudiantes blancas allí. Se hace amiga de Chenilla, y más tarde, se enamora del hermano de Chenilla, Derek | ||
| 508 | _aCRÉDITOS: Dirigida por Thomas Carter ; guion por Duane Adler y Cheryl Edwards ; producida por Scarlett Lacey ; música por Mark Isham ; fotografía por Robbie Greenberg ; diseño de producción por Paul Eads ; dirección de arte por Diane Hughes ; ambientación por Tricia Schneider ; vestuario por Sandra Hernandez ; maquillaje por Lun Yé Hodges | ||
| 511 | 0 | _aREPARTO: Julia Stiles, Sean Patrick Thomas, Kerry Washington, Fredro Starr, Terry Kinney, Bianca Lawson, Vince Green, Garland Whitt, Elisabeth Oas, Artel Great | |
| 546 | _aAudio en inglés y francés. Subtítulos en inglés | ||
| 650 | T |
_912451 _aDanza _vDVD |
|
| 650 | T |
_99896 _aBailarines _vDVD |
|
| 650 | T |
_99897 _aBaile _vDVD |
|
| 690 |
_942805 _aEntretenimiento |
||
| 700 | 1 |
_aCarter, Thomas _edirector _960498 |
|
| 710 | 2 |
_aParamount Pictures _948549 |
|
| 710 | 2 |
_aMTV Films _960499 |
|
| 710 | 2 |
_aCort/Madden Productions _960500 |
|
| 856 | 4 | 0 |
_uhttps://www.youtube.com/watch?v=cm-tgph1IQw _zSiga este enlace para ver el trailer _zTrailer tomado del canal MOVIECLIPS Classic Trailers vía YouTube.com |
| 942 |
_2LOCAL _a11 _cMULTIMEDIA _e1 |
||
| 999 |
_c240923 _d240923 |
||